Top 20 Hottest Countries - Statistics

General Stats
  • This quiz has been taken 41 times
  • The average score is 13 of 20
Answer Stats
Avg Yearly Temp Answer % Correct
27.15°C / 80.87°F Niger
94%
28.25°C / 82.85 °F Mali
86%
28.25°C / 82.85°F Burkina Faso
77%
27°C / 80.6°F United Arab Emirates
77%
27.65°C / 81.77°F Mauritania
74%
27.15°C / 80.87°F Qatar
74%
27.85°C / 82.13°F Senegal
74%
27.5°C / 81.5°F Gambia
71%
27.05°C / 80.69°F Somalia
71%
27.15°C / 80.87°F Togo
71%
27.55°C / 81.59°F Benin
69%
27.15°C / 80.87°F Bahrain
66%
28°C / 82.4°F Djibouti
66%
27.2°C / 80.96°F Ghana
66%
27.65°C / 81.77°F Maldives
46%
27.4°C / 81.32°F Marshall Islands
43%
27.6°C / 81.68°F Palau
40%
28.2°C / 82.76°F Kiribati
37%
28°C / 82.4°F Tuvalu
37%
27.15°C / 80.87°F Seychelles
34%
No matching quizzes found
Score Distribution
Percent of People with Each Score
Percentile by Number Answered
Your Score History
You have not taken this quiz